Qui a dit cette réplique Marvel #4 - Statistiques

Statistiques générales
  • Ce quiz a été pris 1 501 fois
    575 depuis la dernière actualisation
  • Le résultat moyen est 7 sur 16
Statistiques - réponses
Hint Réplique Réponse % Correct
1 Je ne suis que la petite araignée sympa du quartier. Spider man (Peter Parker)
100%
14 À dans une minute. Black Widow (Natasha Romanoff)
84%
4 Aussi loin que je me souvienne, j'ai toujours voulu faire ce qui me semblait juste. Captain America (Steve Rogers)
80%
11 On peut me prendre ma maison tous mes trucs et mes jouets. Iron Man (Tony Stark)
80%
10 Nous avons été élevés ensemble, nous avons joués ensemble, combattus ensemble ! Thor
74%
12 Qu'est ce que t'en as à cirer de la Galaxie ? T'es marié avec ? Rocket
60%
2 Strange devait devenir le meilleur d'entre nous. L'ancien
46%
6 J'ai parfois du mal mais tôt ou tard tous les humains lèvent le masque. La sorcière rouge (Wanda Maximoff)
46%
3 Se préparer à être déçue c'est le meilleur moyen d'éviter toute déception. MJ
44%
8 Ce serait marrant tu aurais juste à cirer mes pompes et à sortir les poubelles. Bucky
34%
16 Tu fais semblant de pouvoir te battre. Je crois que tu me ferais vomir si j'en étais capable. Ultron
34%
7 La vengeance est une déesse dévorante. Eux aussi en sont victimes. Black Panther (T'Challa)
28%
13 Donc la personne à qui vous avez demandé de l'aide et dit exactement où je suis est la personne qui est en train d'essayer de me tuer ? America Chavez
17%
5 Quand on voit tout ce qui se passe et tout ce qu'on va bientôt dévoiler, il me semble que les gens ont besoin d'une dose de nostalgie. Phil Coulson
16%
15 Admet le, tu as besoin de moi. On est liés. Harley
2%
9 Tu viens de très loin mais tu n'ai pas aussi forte que tu ne le crois. Kree Yon Rogg
1%
Aucun quiz correspondant
Distribution des résultats
% des personnes avec chaque résultat
Percentile par nombre de réponses
Votre historique - résultats
Vous n’avez pas pris ce quiz depuis la dernière actualisation